Trophées UNFP : les meilleurs joueurs par saison depuis 1993/1994 - Statistiques

Statistiques générales
  • Ce quiz a été pris 175 fois
  • Le résultat moyen est 19 sur 29
Statistiques - réponses
Saison Joueurs Club % Correct
2022/2023 Kylian M'Bappé Paris Saint-Germain
99%
2021/2022 Kylian M'Bappé Paris Saint-Germain
99%
2020/2021 Kylian M'Bappé Paris Saint-Germain
99%
2018/2019 Kylian M'Bappé Paris Saint-Germain
99%
2015/2016 Zlatan Ibrahimović Paris Saint-Germain
98%
2013/2014 Zlatan Ibrahimović Paris Saint-Germain
98%
2012/2013 Zlatan Ibrahimović Paris Saint-Germain
98%
2016/2017 Edinson Cavani Paris Saint-Germain
96%
2014/2015 Alexandre Lacazette Olympique Lyonnais
95%
2017/2018 Neymar Paris Saint-Germain
95%
2011/2012 Eden Hazard LOSC Lille
89%
2010/2011 Eden Hazard LOSC Lille
89%
2008/2009 Yoann Gourcuff Girondins de Bordeaux
82%
2005/2006 Juninho Pernanbucano Olympique Lyonnais
81%
2007/2008 Karim Benzema Olympique Lyonnais
73%
2009/2010 Lisandro Lopez Olympique Lyonnais
62%
2002/2003 Pedro Miguel Pauleta Girondins de Bordeaux
62%
2001/2002 Pedro Miguel Pauleta Girondins de Bordeaux
62%
2003/2004 Didier Drogba Olympique de Marseille
50%
1995/1996 Zinédine Zidane Girondins de Bordeaux
49%
2006/2007 Florent Malouda Olympique Lyonnais
39%
1996/1997 Sonny Anderson AS Monaco
38%
1993/1994 David Ginola Paris Saint-Germain
33%
2004/2005 Michael Essien Olympique Lyonnais
29%
2000/2001 Eric Carrière FC Nantes
21%
1997/1998 Marco Simone Paris Saint-Germain
21%
1994/1995 Vincent Guérin Paris Saint-Germain
10%
1999/2000 Marcello Gallardo AS Monaco
8%
1998/1999 Ali Benarbia Girondins de Bordeaux
6%
Aucun quiz correspondant
Distribution des résultats
% des personnes avec chaque résultat
Percentile par nombre de réponses
Votre historique - résultats
Vous n’avez pas pris ce quiz